Welcome to the Holygrace Academy Library

Please use search bar below to get started

KAAVYANGANA (Record no. 7704)

MARC details
000 -LEADER
fixed length control field 00199nam a22000977a 4500
082 ## - DEWEY DECIMAL CLASSIFICATION NUMBER
Classification number 823
Item number CHA/K
100 ## - MAIN ENTRY--AUTHOR NAME
Personal name CHATHANNOOR, NIRMALJITH
245 ## - TITLE STATEMENT
Title KAAVYANGANA
650 ## - SUBJECT ADDED ENTRY--TOPICAL TERM
Topical Term MALAYALAM STORY
942 ## - ADDED ENTRY ELEMENTS (KOHA)
Koha item type Books
Holdings
Withdrawn status Lost status Collection code Home library Current library Date acquired Full call number Accession Number Koha item type
Withdrawn Damaged Item Fiction Main Library Main Library 08/01/2005 823 CHA/K 01904 Books